000 00559nam a2200193Ia 4500
005 20260119144223.0
008 008 260114s9999 xx 000 0 eng d
020 _a9780128240045
037 _aEBOOK
040 _aCRL
_beng
_cCRL
041 _aeng
_2eng
084 _qCRL
100 _aDaniel Tsang
_9903038
245 0 _aLow Carbon Stabilization and Solidification of Hazardous Wastes
260 _aElsevier
_bElsevier
_c2022
856 _uhttps://www.sciencedirect.com/science/book/9780128240045
942 _cEBOOK
999 _c1495130
_d1495130